Colección cultura y patrimonio inmaterial de Rapa Nui
Guardat en:
| Autor principal: | |
|---|---|
| Format: | Llibre |
| Idioma: | espanyol |
| Publicat: |
Santiago, Chile
Ocho Libros
2017
|
| Matèries: | |
| Etiquetes: |
Afegir etiqueta
Sense etiquetes, Sigues el primer a etiquetar aquest registre!
|
MARC
| LEADER | 00000cam a2200000 a 4500 | ||
|---|---|---|---|
| 001 | UCC3754 | ||
| 003 | CL-VaPUC | ||
| 005 | 20250227154004.0 | ||
| 008 | 180615e20170000cl |||||||||||||||||spa|d | ||
| 999 | |c 371438 |d 371436 | ||
| 020 | |a 9789563353242o.c | ||
| 020 | |a 9789563353259v.1 | ||
| 020 | |a 9789563353266v.2 | ||
| 020 | |a 9789563353273v.3 | ||
| 040 | |c Pontificia Universidad Católica de Valparaíso | ||
| 082 | 0 | 4 | |a 305.8994 FAJ 2017 |2 21 |
| 100 | 0 | |a Fajreldin, Valentina |e author |9 597869 | |
| 245 | 1 | 0 | |a Colección cultura y patrimonio inmaterial de Rapa Nui |
| 260 | |a Santiago, Chile |b Ocho Libros |c 2017 | ||
| 300 | |a volúmenes | ||
| 500 | |a v.1: historia, espacialidad y territorio en Rapa Nui. Una perspectiva contemporánea | ||
| 500 | |a v.2: lengua, arte y artesanía en Rapa Nui. Una perspectiva crítica | ||
| 500 | |a v.3: saberes y prácticas sociales en Rapa Nui. Una mirada desde el patrimonio inmaterial | ||
| 583 | |a last modification |c 20180615 12:36:00 |k Rodrigo Vera | ||
| 650 | 0 | |a Etnología |z ISLA DE PASCUA |9 258726 | |
| 650 | 7 | |a ETNOLOGIA CULTURAL |2 CL-VaPUC |9 434707 |z ISLA DE PASCUA | |
| 650 | 0 | |a Vida social y costumbres |z ISLA DE PASCUA |9 258725 | |
| 942 | |c BK |2 ddc | ||
| 945 | |d 20180615 12:36:00 |a dcastane | ||
| 952 | |0 0 |1 0 |2 ddc |3 erb |4 0 |6 305_899400000000000_FAJ_2017 |7 0 |8 A |9 488435 |a BIBING |b BIBING |h v.1 |i 5474493 |o 305.8994 FAJ 2017 |p 5474493 |r 2023-03-06 |t 1 |w 2019-11-24 |y BK |z Catalogado en:20180615 |k GEO | ||
| 952 | |0 0 |1 0 |2 ddc |3 erb |4 0 |6 305_899400000000000_FAJ_2017 |7 0 |8 A |9 488436 |a BIBING |b BIBING |h v.2 |i 5474507 |o 305.8994 FAJ 2017 |p 5474507 |r 2023-03-06 |t 1 |w 2019-11-24 |y BK |z Catalogado en:20180615 |k GEO | ||
| 952 | |0 0 |1 0 |2 ddc |3 erb |4 0 |6 305_899400000000000_FAJ_2017 |7 0 |8 A |9 488437 |a BIBING |b BIBING |h v.3 |i 5474515 |o 305.8994 FAJ 2017 |p 5474515 |r 2023-03-06 |t 1 |w 2019-11-24 |y BK |z Catalogado en:20180615 |k GEO | ||